000 01150nam a2200289 a 4500
001 000002943
003 DO-SdBNP
005 20251210111112.0
008 090706s1998 dr b r 000 0 spa d
040 _aDO-SdBNP
_bspa
_cBNPHU
082 4 _a341.448
_bE77e
_222
100 1 _aEspinal Benzant, Lludelis,
_d1967-
_99349
245 1 4 _aLos espacios marítimos dominicanos :
_bsituación jurídica del Mar Caribe /
_cLludelis Espinal Benzant ; prólogo Luis Arias Núñez.
260 _aSanto Domingo :
_bFrederic Schad,
_c1998.
300 _a162 p. :
_bmap. ;
_c23 cm.
504 _aIncluye referencias bibliográficas y notas al pie de las páginas.
590 _aInventariado, 2018/BT
650 0 _aDerecho marítimo
_zRepública Dominicana
_99352
650 0 _aDerecho marítimo
_zCaribe (Región)
_99352
650 0 _aDerecho marítimo
_99352
650 0 _aDerecho marítimo internacional
_99353
650 4 _aZonas económicas (Derecho internacional marítimo)
_99354
650 4 _aPlaforma continental
_99355
700 1 _aArias, Luis,
_q(Arias Núñez)
_epról.
_99356
910 _aValidado. Control de calidad. MMOLINA
942 _2ddc
_cLBS1
999 _c2775
_d2775